000
00251nam a22001217a 4500
005
20170729152755.0
008
170729b xxu||||| |||| 00| 0 eng d
022
_a
2456-4915
245
_a
Entrepreneur
260
_c
2017
300
_a
100
942
_c
JRL
999
_c
5516
_d
5514